<?xml version="1.0" encoding="UTF-8"?>
<marc:record xmlns:marc="http://www.loc.gov/MARC21/slim">
   <marc:leader>00000nam a2200000 a 4500</marc:leader>
   <marc:datafield ind1="1" ind2=" " tag="100">
      <marc:subfield code="a">Dienel, Peter C.</marc:subfield>
      <marc:subfield code="4">aut</marc:subfield>
      <marc:subfield code="e">Verfasser/-in</marc:subfield>
   </marc:datafield>
   <marc:datafield ind1=" " ind2=" " tag="653">
      <marc:subfield code="a">Bürgerbeteiligung</marc:subfield>
   </marc:datafield>
   <marc:datafield ind1=" " ind2=" " tag="653">
      <marc:subfield code="a">Staat</marc:subfield>
   </marc:datafield>
   <marc:datafield ind1=" " ind2=" " tag="653">
      <marc:subfield code="a">Planung</marc:subfield>
   </marc:datafield>
   <marc:datafield ind1=" " ind2=" " tag="653">
      <marc:subfield code="a">Softcover / Sachbücher/Politik</marc:subfield>
   </marc:datafield>
   <marc:datafield ind1=" " ind2=" " tag="653">
      <marc:subfield code="a">Gesellschaft</marc:subfield>
   </marc:datafield>
   <marc:datafield ind1=" " ind2=" " tag="653">
      <marc:subfield code="a">Wirtschaft/Politik</marc:subfield>
   </marc:datafield>
   <marc:datafield ind1="0" ind2="0" tag="245">
      <marc:subfield code="a">Demokratisch - praktisch - gut</marc:subfield>
   </marc:datafield>
   <marc:datafield ind1="0" ind2="0" tag="245">
      <marc:subfield code="b">Merkmale, Wirkungen und Perspektiven der Planungzelle</marc:subfield>
   </marc:datafield>
   <marc:datafield ind1="0" ind2="0" tag="245">
      <marc:subfield code="c">Peter C. Dienel</marc:subfield>
   </marc:datafield>
   <marc:datafield ind1=" " ind2="1" tag="264">
      <marc:subfield code="a">Bonn</marc:subfield>
      <marc:subfield code="b">Dietz</marc:subfield>
      <marc:subfield code="c">2009</marc:subfield>
   </marc:datafield>
   <marc:datafield ind1="1" ind2=" " tag="520">
      <marc:subfield code="a">Angaben aus der Verlagsmeldung

Demokratisch, praktisch, gut : Merkmlae, Wirkungen und Perspektiven von Planungzellen und Bürgergutachten / von Peter C. Dienel

Peter C. Dienel erklärt, wie Bürgerinnen und Bürger politisch über das mitentscheiden können, was sie betrifft. Der Text fasst drei Jahrzehnte Erfahrung mit der sogenannten Planungszelle zusammen, die der Autor in den 1970er-Jahren entwickelt hat. Seither viele Male im In- und Ausland erfolgreich angewendet, ist die Planungszelle ein standardisiertes Verfahren, mit dem Bürgerinnen und Bürger an öffentlichen Planungsentscheidungen mitwirken. Die Teilnehmer werden nach dem Zufallsprinzip ausgewählt und erarbeiten Lösungen konkreter lokaler, regionaler oder nationaler Probleme: finanziell freigestellt, unvoreingenommen, freiwillig und ohne persönliche Interessen, nur am Gemeinwohl und an einer sachgerechten Lösung orientiert. Am Ende steht ein "Bürgergutachten", das maßgeblich die Entscheidungen von Politik und Verwaltung bestimmt.
</marc:subfield>
   </marc:datafield>
   <marc:datafield ind1=" " ind2=" " tag="020">
      <marc:subfield code="a">9783801203931</marc:subfield>
      <marc:subfield code="9">9783801203931</marc:subfield>
   </marc:datafield>
   <marc:datafield ind1=" " ind2=" " tag="041">
      <marc:subfield code="a">ger</marc:subfield>
   </marc:datafield>
   <marc:datafield ind1=" " ind2=" " tag="300">
      <marc:subfield code="a">195 S.</marc:subfield>
   </marc:datafield>
</marc:record>
